000 00425nam a2200169Ia 4500
003 GCL
008 140319s9999 xx 000 0 eng d
040 _aGCL /
_cGCL
082 0 4 _a843
_bM R
100 1 _aDE MONTHERLANT, HENRY
245 1 0 _aLA REINE MORTE /
_cDE MONTHERLANT, HENRY
260 _a[S.N] :
_bGALLIMARD ،
_c1995
300 _a175 P
650 0 4 _aLITERATURE
650 0 4 _aFRENCH LITERATURE
942 _2ddc
_cBK
999 _c22575
_d22575